Every Single FNaF Character - Statistics

General Stats
  • This quiz has been taken 295 times
  • The average score is 64 of 103
Answer Stats
Game Answer % Correct
FNaF Freddy Fazbear
99%
FNaF Bonnie
96%
FNaF Chica
96%
FNaF Foxy
95%
FNaF Golden Freddy
93%
FNaF 2 Puppet
87%
FNaF 2 Toy Bonnie
86%
FNaF 2 Toy Freddy
86%
FNaF 2 Mangle
85%
FNaF 2 Toy Chica
85%
FNaF 2 Balloon Boy
83%
FNaF 3 Springtrap
83%
FNaF 2 Withered Freddy
83%
FNaF 4 Nightmare
82%
FNaF 2 Withered Bonnie
82%
FNaF 2 Withered Chica
82%
FNaF 4 Nightmare Freddy
81%
FNaF 2 Withered Foxy
81%
FNaF SL Ballora
79%
FNaF SL Circus Baby
79%
FNaF SL Funtime Freddy
77%
FNaF 4 Nightmare Bonnie
77%
FNaF 4 Nightmare Chica
77%
FFPS Scraptrap
77%
FNaF 4 Nightmare Foxy
76%
FNaF 3 Phantom Freddy
76%
FNaF 4Halloween DLC Jack o' Chica
75%
FNaF 3 Phantom Chica
75%
FNaF SL Funtime Foxy
74%
FNaF 2 JJ
74%
FNaF 3 Phantom Balloon Boy
74%
FNaF 3 Phantom Foxy
74%
FNaF 3 Phantom Mangle
74%
FNaF SL Ennard
73%
FNaF 4Halloween DLC Jack o' Bonnie
73%
FNaF 3 Phantom Puppet
72%
Security Breach Roxanne Wolf
72%
FNaF 2 RWQFSFASXC
72%
FNaF 2 Shadow Freddy
72%
FNaF 2 Withered Golden Freddy
72%
FNaF SL Bon-Bon
71%
FNaF 4 Nightmare Fredbear
71%
FNaF 4 Plushtrap
71%
FNaF SL Bonnet
70%
Security Breach Glamrock Chica
70%
FNaF 4Halloween DLC Nightmare Mangle
70%
Security Breach Glamrock Freddy
69%
FFPS Rockstar Freddy
69%
FNaF SL Minireena
68%
Security Breach Montgomery Gator
68%
FNaF 4Halloween DLC Nightmarionne
68%
FNaF Endo-01
67%
FFPS Rockstar Chica
67%
Security Breach Vanny
66%
FFPS Lefty
65%
FFPS Rockstar Foxy
65%
FNaF VRCurse of
Dreadbear DLC
Dreadbear
64%
FNaF VR Glitchtrap
64%
FFPS Molten Freddy
64%
FFPS Rockstar Bonnie
64%
FNaF SL Bidybab
63%
FNaF SL Lolbit
63%
FNaF SL Yenndo
63%
FNaF 2 Endo-02
62%
FFPS Mr. Hippo
62%
FFPS Funtime Chica
61%
FFPS Happy Frog
61%
FNaF SL Electrobab
60%
FNaF 4Halloween DLC Nightmare BB
57%
FFPS Music Man
56%
FFPS Pigpatch
56%
FFPS Orville Elephant
55%
FNaF 4 Freddle
54%
FFPS Nedd Bear
54%
FFPS Scraptrap
52%
UCN DeeDee
49%
UCN Fredbear
49%
FFPS Helpy
49%
FFPS El Chip
48%
Security Breach Burntrap
47%
FFPS Mr. Hugs
47%
Security Breach DJ Music Man
44%
FNaF VR Curse of Dreadbear DLC Grimm Foxy
43%
FFPS Mr. Can Do
42%
Security Breach S.T.A.F.F. Bot
42%
FFPS Bucket Bob
41%
FFPS Lemonade Clown
40%
FFPS Pan Stan
40%
FFPS Fruit Punch Clown
39%
FFPS Candy Cadet
38%
Security Breach The Blob
34%
FFPS Security Puppet
33%
FNaF SL Handunit
28%
UCN Old Man Consequences
28%
Security Breach Daycare Attendant
26%
FFPS Egg Baby Data Archive
26%
FFPS #1 Crate
23%
FNaF AR Freddy Frostbear
23%
Security Breach Glamrock Endo
18%
Security Breach Wet Floor Bot
18%
Security Breach Mini Music Man
17%
FNaF AR 8-Bit Baby
13%
FNaF VR Nightmare Endo
13%
No matching quizzes found
Score Distribution
Percent of People with Each Score
Percentile by Number Answered
Your Score History
You have not taken this quiz